000 00734cam a2200253 4500500
005 20260405003537.0
041 _afre
042 _adc
100 1 0 _aEltchaninoff, Michel
_eauthor
245 0 0 _aSobriété : impératif politique ou nouvel idéal ?
260 _c2022.
500 _a47
690 _aAscèse
690 _aDécroissance
690 _aEmmanuel Macron
690 _aIdéal
690 _aPierre Rabhi
690 _aPolitique
690 _aRichesse
690 _aSobriété
690 _aThomas d’Aquin
786 0 _nPhilosophie magazine | 162 | 9 | 2022-09-01 | p. 9-9 | 1951-1787
856 4 1 _uhttps://shs.cairn.info/magazine-philosophie-magazine-2022-9-page-9?lang=fr&redirect-ssocas=7080
999 _c2068551
_d2068551